[Event "Challenge"]
[Site "http://www.queenalice.com/game.php?id=984153"]
[Date "2011.9.11"]
[Round "-"]
[White "Ralfostarr"]
[Black "memed"]
[Result "1-0"]
[WhiteElo "1328"]
[BlackElo "1621"]

1. Nc3 e5 2. e4 Nf6 3. Bc4 Bc5 4. d3 d6 5. Qf3 Bg4 6. Qg3 Nc6 7. Bg5 h5 8. Bb5
Bd7 9. Nf3 Nb4 10. O-O-O Bxb5 11. Nxb5 Nxa2+ 12. Kb1 c6 13. d4 Qa5 14. Bxf6 Qxb5
15. Bxg7 Ba3 16. b3 Nc3+ 17. Ka1 Nxd1 18. Rxd1 Rg8 19. dxe5 Qb4 20. exd6 Qc3+
21. Bxc3 Rxg3 22. hxg3 O-O-O 23. e5 c5 24. Ng5 Rd7 25. Ka2 Bb4 26. Bxb4 cxb4 27.
Rd4 a5 28. Rf4 b5 29. Nxf7 a4 30. Ng5 Rg7 31. Ne6 Rg6 32. Nc5 Rg8 33. e6 Kd8 34.
Rf7 Kc8 35. e7 Kb8 36. d7 Kc7 37. e8=Q Rxe8 38. dxe8=B+ Kd6 39. Nb7+ Kd5 40.
Rf5+ Ke6 41. Rxh5 Ke7 42. Re5+ Kf6 43. f4 axb3+ 44. Kxb3 Kg7 45. f5 Kf6 46. Rxb5
Ke7 47. Bg6 Kd7 48. f6 Kc6 49. Rxb4 Kd7 50. f7 Ke7 51. Rf4 Kf8 52. c4 Kg7 53.
f8=Q+ Kxg6 54. Qf6+ Kh7 55. Qg5 Kh8 56. Rh4# 1-0

[Event "Challenge"]
[Site "http://www.queenalice.com/game.php?id=984154"]
[Date "2011.9.11"]
[Round "-"]
[White "memed"]
[Black "Ralfostarr"]
[Result "1-0"]
[WhiteElo "1610"]
[BlackElo "1354"]

1. e4 e5 2. Bc4 a5 3. Qh5 Qe7 4. d3 g6 5. Qf3 h5 6. Nc3 f6 7. Nd5 Qd6 8. Ne2 c6
9. Ne3 Qb4+ 10. c3 Qc5 11. O-O g5 12. Qf5 Ne7 13. Qxf6 Rh6 14. Qf7+ Kd8 15.
Qxf8+ Kc7 16. Qxh6 d5 17. Bb3 a4 18. d4 exd4 19. cxd4 Qb5 20. Bc2 Qxe2 21. Bd1
Qd3 22. e5 Qxd4 23. Qd6+ Kb6 24. Qxe7 a3 25. Qd8+ Ka7 26. Nc2 Qxe5 27. Be3+ b6
28. Qxb6# 1-0

[Event "Challenge"]
[Site "http://www.queenalice.com/game.php?id=997125"]
[Date "2011.10.13"]
[Round "-"]
[White "titi93"]
[Black "memed"]
[Result "0-1"]
[WhiteElo "1671"]
[BlackElo "1577"]

1. e4 e5 2. Bc4 Qh4 3. Qf3 Nf6 4. Nc3 Nc6 5. d3 Nd4 6. Qh3 Nxc2+ 7. Kf1 Qxh3 8.
Nxh3 Nxa1 9. Nb5 Bd6 10. Bg5 Nc2 11. a3 Nd4 12. Be3 Nxb5 13. Bxb5 a6 14. Bc4 b5
15. Bb3 a5 16. f3 a4 17. Ba2 b4 18. Kf2 bxa3 19. bxa3 Bxa3 20. Rb1 c5 21. Ng5
O-O 22. f4 Ng4+ 23. Ke2 Nxh2 24. fxe5 h6 25. Nh3 Re8 26. Bf4 Ng4 27. Kf3 Nxe5+
28. Ke2 Ba6 29. Nf2 Rac8 30. Rb6 Rc6 31. Rb1 Ng6 32. Bg3 c4 33. Bxc4 Bxc4 34.
dxc4 Rxc4 35. Kd3 Rec8 36. Nd1 Bf8 37. Ra1 a3 38. e5 Ra4 39. Ne3 a2 40. Be1 Rb8
41. Kc2 Bc5 42. Kd3 Rb1 43. Bc3 Bb4 44. Nc2 Nf4+ 45. Kd2 Nd5 46. Bxb4 Nxb4 47.
Rxa2 Rxa2 48. e6 Rxc2+ 49. Ke3 dxe6 50. Kf3 Rc3+ 51. Ke4 Rc4+ 52. Ke5 Rd1 53. g3
Rd5# 0-1

[Event "Challenge"]
[Site "http://www.queenalice.com/game.php?id=997128"]
[Date "2011.10.13"]
[Round "-"]
[White "memed"]
[Black "titi93"]
[Result "1-0"]
[WhiteElo "1612"]
[BlackElo "1655"]

1. e4 e5 2. Bc4 Nf6 3. d3 Bc5 4. Nc3 c6 5. Nf3 d6 6. Ng5 d5 7. exd5 cxd5 8. Bb5+
Nc6 9. Qf3 h6 10. Nh3 d4 11. Bxc6+ Nd7 12. Bxd7+ Qxd7 13. Ne4 Bb4+ 14. c3 Ba5
15. b4 Bd8 16. Nc5 Qb5 17. a4 Qb6 18. a5 Qg6 19. cxd4 Bc7 20. Bb2 exd4 21. Bxd4
O-O 22. O-O Bd6 23. Nxb7 Bxb7 24. Qxb7 Qxd3 25. Qd5 Bxb4 26. Qe5 f6 27. Qd5+ Kh8
28. Nf4 Qc2 29. Rac1 Qd2 30. Ng6+ Kh7 31. Nxf8+ Rxf8 32. Qe4+ f5 33. Qe5 Qg5 34.
Bxa7 Rf6 35. Be3 Qg6 36. Qd5 f4 37. Rc8 Bf8 38. Bc5 Qf7 39. Qe4+ Kg8 40. Rxf8+
Qxf8 41. Bxf8 Rxf8 42. a6 Rf7 43. Qd5 Kh8 44. Qxf7 g5 45. a7 g4 46. a8=Q# 1-0

[Event "Challenge"]
[Site "http://www.queenalice.com/game.php?id=999569"]
[Date "2011.10.20"]
[Round "-"]
[White "memed"]
[Black "Ralfostarr"]
[Result "1-0"]
[WhiteElo "1630"]
[BlackElo "1343"]

1. e4 e5 2. Qf3 Qf6 3. Qc3 c5 4. Nf3 a6 5. Nxe5 b5 6. Ng4 Qf4 7. f3 b4 8. Qd3 a5
9. Qd5 Ra6 10. Bxa6 Nxa6 11. Qa8 Qc7 12. Qd5 d6 13. d3 Bxg4 14. fxg4 Nf6 15.
Qa8+ Nb8 16. Bg5 Nxg4 17. Nd2 Nf6 18. Nc4 Be7 19. Nxa5 O-O 20. O-O Nc6 21. Qxc6
Qxc6 22. Nxc6 Re8 23. a4 Kf8 24. a5 h6 25. Bxf6 Bxf6 26. c3 bxc3 27. bxc3 Bxc3
28. Ra4 Rc8 29. Na7 Ra8 30. Nb5 Be5 31. a6 Rb8 32. a7 Ra8 33. Nc7 Rc8 34. Nd5
Bd4+ 35. Kh1 Ra8 36. Rb1 c4 37. Rb8+ Rxb8 38. axb8=Q# 1-0

[Event "Challenge"]
[Site "http://www.queenalice.com/game.php?id=1001013"]
[Date "2011.10.24"]
[Round "-"]
[White "montalvao"]
[Black "memed"]
[Result "1-0"]
[WhiteElo "1807"]
[BlackElo "1584"]

1. e4 e5 2. Nf3 Nc6 3. Bc4 Bc5 4. O-O Nd4 5. Nxe5 Nh6 6. d3 Ne6 7. Bxh6 Qf6 8.
Ng4 Qh4 9. Be3 h5 10. Ne5 Bd6 11. Nf3 Qf6 12. Nc3 c6 13. d4 Nf4 14. e5 Qg6 15.
Bxf4 Be7 16. Re1 h4 17. h3 d5 18. Bd3 Bf5 19. Bxf5 Qxf5 20. Qd2 f6 21. exf6 gxf6
22. Re3 Rh7 23. Rae1 Kd8 24. Bd6 Qd7 25. Bxe7+ Kc7 26. Bxf6 Qf5 27. Re7+ Rxe7
28. Rxe7+ Kd6 29. Bxh4 a6 30. Qh6+ Qf6 31. Qxf6# 1-0

[Event "Challenge"]
[Site "http://www.queenalice.com/game.php?id=1010616"]
[Date "2011.11.20"]
[Round "-"]
[White "memed"]
[Black "nuage"]
[Result "1-0"]
[WhiteElo "1597"]
[BlackElo "1580"]

1. e4 e5 2. Bc4 Nc6 3. Nf3 h6 4. d4 exd4 5. Nxd4 Ne5 6. Bb3 c5 7. Qh5 d6 8. f4
Nf6 9. Qd1 cxd4 10. fxe5 dxe5 11. Qd3 Nh5 12. Qf3 Nf6 13. Nd2 Bb4 14. a3 Bg4 15.
Qd3 O-O 16. axb4 Nh5 17. Nc4 Nf4 18. Qg3 Qg5 19. h3 Ne2 20. Qxg4 Qxg4 21. hxg4
Ng3 22. Rh3 Nxe4 23. Nxe5 Ng5 24. Bxg5 Rae8 25. O-O-O Rxe5 26. Bf4 Re4 27. g3 g5
28. Bd6 Rfe8 29. Rhh1 Rxg4 30. Rhf1 Kh8 31. Rxf7 Rge4 32. Rff1 Rd8 33. Rf6 Kg7
34. Rf7+ Kg6 35. Bf8 Rg4 36. Rh1 h5 37. Rhf1 h4 38. R1f6+ Kh5 39. Rh6# 1-0

[Event "Challenge"]
[Site "http://www.queenalice.com/game.php?id=1012095"]
[Date "2011.11.24"]
[Round "-"]
[White "menzo"]
[Black "memed"]
[Result "0-1"]
[WhiteElo "1363"]
[BlackElo "1635"]

1. e4 e5 2. Bc4 Nf6 3. Qe2 Bc5 4. Nh3 d6 5. Ng5 Be6 6. Bxe6 fxe6 7. Nxe6 Qe7 8.
Qc4 Ng4 9. d4 exd4 10. Nxd4 Qxe4+ 11. Be3 Nxe3 12. fxe3 Qxe3+ 13. Ne2 Qf2+ 14.
Kd1 Qxg2 15. Rg1 Bxg1 16. Qxc7 O-O 17. Qxd6 Nc6 18. Qe6+ Rf7 19. c3 Rd8+ 20. Kc2
Qf1 21. b4 Qd1+ 22. Kb2 Bxh2 23. Nd4 Nxd4 24. cxd4 Qxd4+ 25. Ka3 Qxa1 26. Qb3
Rd6 27. Qb2 Rd3+ 28. Nc3 Rxc3+ 29. Qxc3 Qxc3+ 30. Ka4 Bd6 31. a3 Rf5 32. b5 Qc4+
33. Ka5 Qxb5# 0-1

[Event "Challenge"]
[Site "http://www.queenalice.com/game.php?id=1019941"]
[Date "2012.1.30"]
[Round "-"]
[White "memed"]
[Black "titi93"]
[Result "1-0"]
[WhiteElo "1626"]
[BlackElo "1616"]

1. e4 e5 2. Nf3 Nc6 3. g3 Bc5 4. Qe2 Nb4 5. d3 d6 6. a3 Na6 7. b4 Bd4 8. c3 Bb6
9. Bg2 h6 10. O-O c6 11. Nfd2 Nf6 12. Nc4 Bg4 13. Bf3 Qd7 14. Bxg4 Nxg4 15. Nxb6
axb6 16. f3 Nf6 17. f4 exf4 18. Rxf4 O-O 19. Be3 c5 20. d4 cxd4 21. Bxd4 Rfe8
22. Nd2 Nc7 23. Bxf6 gxf6 24. Rxf6 Qh3 25. Qe3 Re6 26. Raf1 Rf8 27. R1f4 Qh5 28.
Nf3 Rxf6 29. Rxf6 d5 30. Rxh6 Qg4 31. Rh4 Qg7 32. Qf4 Ne6 33. Qf5 dxe4 34. Qxe4
Nd8 35. Rg4 Ne6 36. Rxg7+ Nxg7 37. Ng5 f5 38. Qxb7 f4 39. Qd5+ Kh8 40. Qe4 Nf5
41. Qxf4 Kg8 42. Ne6 Rf6 43. Qb8+ Kf7 44. Qxb6 Rxe6 45. Qc7+ Kf6 46. b5 Ne3 47.
b6 Nd5 48. Qd8+ Ke5 49. b7 Rb6 50. b8=Q+ Rxb8 51. Qxb8+ Nc7 52. Qxc7+ Kf5 53.
Qf4+ Kg6 54. g4 Kh7 55. g5 Kg6 56. Qf6+ Kh7 57. Qf7+ Kh8 58. Qf6+ Kh7 59. g6+
Kg8 60. Qf7+ Kh8 61. Qh7# 1-0

[Event "Challenge"]
[Site "http://www.queenalice.com/game.php?id=1027095"]
[Date "2012.2.6"]
[Round "-"]
[White "memed"]
[Black "menzo"]
[Result "1-0"]
[WhiteElo "1640"]
[BlackElo "1353"]

1. e4 e5 2. d3 c5 3. g3 d5 4. Bg2 d4 5. Qh5 Qe7 6. Nf3 Nc6 7. Nh4 g6 8. Qf3 h5
9. Qe2 Bh6 10. Bxh6 Nxh6 11. h3 Be6 12. c4 g5 13. Nf3 g4 14. Nfd2 O-O-O 15. h4
Nb4 16. Nb3 Bxc4 17. dxc4 d3 18. Qd2 Nc2+ 19. Kd1 Nxa1 20. Nxa1 Rd4 21. Na3 a6
22. Nb3 Rd7 23. Qa5 Rc7 24. Kc1 Rd8 25. Rd1 Qd6 26. Bf1 f5 27. Rxd3 Qe7 28. Nb5
fxe4 29. Rxd8+ Qxd8 30. Na7+ Kb8 31. Qb6 Rd7 32. Nc6+ Kc8 33. Nxd8 Rxd8 34. Nxc5
Re8 35. Qxb7+ Kd8 36. Qd7# 1-0

[Event "Challenge"]
[Site "http://www.queenalice.com/game.php?id=1027175"]
[Date "2012.2.7"]
[Round "-"]
[White "memed"]
[Black "kuntakinte"]
[Result "0-1"]
[WhiteElo "1645"]
[BlackElo "1574"]

1. e4 e5 2. g3 Nc6 3. Bg2 d6 4. d3 b6 5. Nh3 Nf6 6. Bg5 Be7 7. O-O Be6 8. c4 Qc8
9. Bxf6 Bxf6 10. Qa4 Bd7 11. Nc3 Nd4 12. Nb5 O-O 13. Nxa7 Qe8 14. Qa6 Bc8 15.
Qb5 Nxb5 16. Nxb5 Qd8 17. f4 exf4 18. Nxf4 Bxb2 19. Rab1 Be5 20. a3 c6 21. d4
Bf6 22. e5 Bg5 23. Bxc6 Ra6 24. exd6 Ra4 25. Rbc1 Bh3 26. Rfe1 Bd7 27. Bd5 Bxb5
28. cxb5 Qxd6 29. Rc6 Qxa3 30. Rec1 Rxd4 31. Rc8 Qe3+ 32. Kg2 Rd2+ 33. Kh3 Bxf4
34. R1c3 Qg1 35. gxf4 Rxh2# 0-1

[Event "Challenge"]
[Site "http://www.queenalice.com/game.php?id=1033733"]
[Date "2012.2.27"]
[Round "-"]
[White "memed"]
[Black "nuage"]
[Result "1-0"]
[WhiteElo "1642"]
[BlackElo "1524"]

1. e4 e5 2. Bc4 Nf6 3. Nc3 Bc5 4. Nh3 d6 5. Ng5 O-O 6. Nd5 Ng4 7. Nh3 f5 8.
Nxc7+ Kh8 9. Nxa8 Qh4 10. Qe2 Nc6 11. c3 fxe4 12. O-O Nh6 13. d4 exd4 14. Bg5
Qg4 15. b4 Bb6 16. Nxb6 Qxe2 17. Bxe2 dxc3 18. Nxc8 Rxc8 19. Bxh6 gxh6 20. a3
Nd4 21. Bd1 c2 22. Rc1 Rc3 23. Bh5 Rxa3 24. f4 Kg7 25. f5 Kf6 26. Nf4 Kxf5 27.
Ne2+ Ke5 28. Nxd4 Kxd4 29. Rxc2 Kd3 30. Rc7 b6 31. Rxh7 e3 32. Re1 Kd2 33. Re2+
Kd3 34. h3 Ra4 35. Rxh6 d5 36. Re1 Rxb4 37. g4 Kd2 38. Kf1 Rf4+ 39. Kg1 Kxe1 40.
Re6 Rf1+ 41. Kg2 d4 42. Re4 Rf2+ 43. Kg3 Rd2 44. g5 Kf1 45. g6 Rg2+ 46. Kh4 a5
47. Rxd4 e2 48. Bxe2+ Kxe2 49. Rg4 Rf2 50. g7 a4 51. g8=Q a3 52. Qa2+ Kf3 53.
Qxa3+ Ke2 54. Re4+ Kf1 55. Qd3+ Kg2 56. Rg4+ Kh1 57. Qd1+ 1-0

[Event "Challenge"]
[Site "http://www.queenalice.com/game.php?id=1041338"]
[Date "2012.3.21"]
[Round "-"]
[White "titi93"]
[Black "memed"]
[Result "1-0"]
[WhiteElo "1488"]
[BlackElo "1665"]

1. e4 e5 2. Nf3 Nc6 3. Bc4 Nge7 4. d3 d5 5. exd5 Nxd5 6. a3 Bg4 7. Bg5 f6 8. Bh4
Nd4 9. Nbd2 Nf4 10. O-O g5 11. Bg3 Qd7 12. Re1 Bh3 13. Bxf4 gxf4 14. Nxd4 Rg8
15. Bxg8 Qg7 16. g3 fxg3 17. fxg3 O-O-O 18. Be6+ Bxe6 19. Nxe6 Qd7 20. Nxd8 Qd4+
21. Kg2 Qxd8 22. Qf3 Qd4 23. Qxf6 Bd6 24. Nf3 Qxb2 25. Qh8+ Kd7 26. Qxh7+ Kc6
27. Qe4+ Kb6 28. Rab1 Qxb1 29. Rxb1+ Kc5 30. Qc4# 1-0

[Event "MEMED VS TIKAR B"]
[Site "http://www.queenalice.com/game.php?id=1049014"]
[Date "2012.4.15"]
[Round "-"]
[White "TIKAR"]
[Black "memed"]
[Result "1-0"]
[WhiteElo "1563"]
[BlackElo "1642"]

1. d4 e6 2. e3 d5 3. Bd2 Qh4 4. Nf3 Qe4 5. Bd3 Qg4 6. O-O h5 7. h3 Qxf3 8. Qxf3
h4 9. e4 c6 10. exd5 cxd5 11. Nc3 Nc6 12. Qf4 e5 13. dxe5 Be6 14. Nb5 O-O-O 15.
Nd6+ Bxd6 16. exd6 f6 17. Bf5 g5 18. Bxe6+ Kb8 19. Bxd5 gxf4 20. Bxf4 Nd4 21.
d7+ Ka8 22. Rfe1 Nh6 23. Rad1 Nxc2 24. Re2 Nb4 25. Bc4 Rh7 26. Re8 Nc6 27. Bb5
a6 28. Bxc6 bxc6 29. Rxd8+ Kb7 30. Rf8 Nf7 31. Rxf7 Rxf7 32. d8=Q c5 33. Qd5+
Kb6 34. Qxf7 Kb5 35. Qb7+ Kc4 36. Qb3# 1-0

[Event "MEMED VS TIKAR N"]
[Site "http://www.queenalice.com/game.php?id=1049015"]
[Date "2012.4.15"]
[Round "-"]
[White "memed"]
[Black "TIKAR"]
[Result "1-0"]
[WhiteElo "1653"]
[BlackElo "1554"]

1. e4 e5 2. Qh5 Nc6 3. Bc4 Qe7 4. d3 Na5 5. Bxf7+ Qxf7 6. Qxe5+ Ne7 7. Qxa5 b6
8. Qc3 d5 9. Qxc7 dxe4 10. dxe4 Qe6 11. Nd2 Nc6 12. Ngf3 Ba6 13. Ng5 Qf6 14.
Ndf3 Bb4+ 15. c3 Bxc3+ 16. bxc3 Qxc3+ 17. Kd1 Qd3+ 18. Bd2 Nb4 19. Qf7+ Kd8 20.
Ne6+ Kc8 21. Qc7# 1-0

[Event "Ingratitude sans nouvelles "]
[Site "http://www.queenalice.com/game.php?id=1052450"]
[Date "2012.4.25"]
[Round "-"]
[White "memed"]
[Black "cyrillt"]
[Result "0-1"]
[WhiteElo "1636"]
[BlackElo "1800"]

1. e4 e5 2. Nc3 c6 3. Nh3 d5 4. Qh5 Qd6 5. Ng5 Nh6 6. Nf3 Nd7 7. d3 g6 8. Qh4
Ng8 9. g3 Be7 10. Bg5 Ngf6 11. Qh6 Ng4 12. Qg7 Bf6 13. Bxf6 Qxf6 14. Qxf6 Ndxf6
15. Bh3 Nxf2 16. Kxf2 Bxh3 17. Nxe5 O-O 18. exd5 Nxd5 19. Ne4 Rfe8 20. Nf3 f5
21. Nd6 Re7 22. Nc4 b5 23. Ng5 Bg4 24. Nd6 Re2+ 25. Kg1 Ne3 26. Re1 Rxe1+ 27.
Kf2 Re2+ 28. Kg1 Rg2# 0-1

[Event "Challenge"]
[Site "http://www.queenalice.com/game.php?id=1057040"]
[Date "2012.5.6"]
[Round "-"]
[White "jujuju"]
[Black "memed"]
[Result "1-0"]
[WhiteElo "2139"]
[BlackElo "1623"]

1. d4 d5 2. c4 e6 3. Nf3 Nc6 4. Nc3 dxc4 5. e3 Bd6 6. Bxc4 Na5 7. Bd3 b6 8. Nb5
Nf6 9. Nxd6+ Qxd6 10. O-O Ng4 11. h3 Nf6 12. Bd2 1-0

[Event "memed vs tikar b"]
[Site "http://www.queenalice.com/game.php?id=1057652"]
[Date "2012.5.9"]
[Round "-"]
[White "TIKAR"]
[Black "memed"]
[Result "0-1"]
[WhiteElo "1604"]
[BlackElo "1621"]

1. d4 d5 2. Nc3 Bf5 3. Qd2 Nc6 4. Nf3 Nb4 5. a3 Nxc2+ 6. Kd1 Nxa1 7. Nh4 Nb3 8.
Qg5 h6 9. Qxf5 e6 10. Qc2 Nxd4 11. Qa4+ Nc6 12. g3 d4 13. Ne4 Be7 14. Nf3 Qd5
15. Nfd2 Nf6 16. Bg2 d3 17. Nxf6+ Bxf6 18. Bxd5 dxe2+ 19. Kxe2 exd5 20. Qb5
O-O-O 21. Kf3 Nd4+ 22. Kg2 Nxb5 23. Nb3 b6 24. a4 Nd4 25. Nxd4 Bxd4 26. b4 Rhe8
27. Rd1 Bc3 28. Bf4 Bxb4 29. Rc1 Bd6 30. Bxd6 Rxd6 0-1

[Event "memed vs tikar n"]
[Site "http://www.queenalice.com/game.php?id=1057653"]
[Date "2012.5.9"]
[Round "-"]
[White "memed"]
[Black "TIKAR"]
[Result "1-0"]
[WhiteElo "1627"]
[BlackElo "1611"]

1. e4 e5 2. Nf3 Nc6 3. g3 Nd4 4. Nxe5 Qe7 5. f4 d6 6. c3 dxe5 7. cxd4 exf4 8.
Bd3 fxg3 9. hxg3 Nf6 10. e5 Ng4 11. Be2 h5 12. Rf1 g6 13. Nc3 Bf5 14. Nd5 Qd7
15. Bc4 O-O-O 16. Qb3 Re8 17. Be2 c6 18. Bxg4 hxg4 19. Nf6 Be6 20. Qa4 b5 21.
Qa6+ Qb7 22. Qxb7+ Kxb7 23. Nxe8 Bc4 24. Rg1 Rh2 25. Kd1 Be2+ 26. Kc2 Bc4 27. b3
Bd5 28. Nf6 Be6 29. Bb2 Bb4 30. Bc3 Bf5+ 31. Kb2 Be7 32. Rh1 Rg2 33. Rag1 Rf2
34. Rh7 b4 35. Rxf7 bxc3+ 36. Kxc3 Rf3+ 37. Kb2 Rd3 38. Rxe7+ Ka6 39. Kc1 Rxd4
40. Rh1 c5 41. Rhh7 Kb6 42. Rb7+ Kc6 43. Rxa7 c4 44. Rhc7+ Kb5 45. Rab7+ Ka5 46.
bxc4 1-0

[Event "Challenge"]
[Site "http://www.queenalice.com/game.php?id=1074264"]
[Date "2012.6.20"]
[Round "-"]
[White "memed"]
[Black "nuage"]
[Result "0-1"]
[WhiteElo "1642"]
[BlackElo "1701"]

1. e4 d5 2. e5 Bf5 3. Qf3 e6 4. d4 Bxc2 5. Nc3 Bf5 6. Bd3 Bxd3 7. Qxd3 Bb4 8.
Qb5+ Nc6 9. Qxb7 Nge7 10. Bd2 Qb8 11. Qa6 Nxd4 12. Qa4+ Nec6 13. Nge2 O-O 14. a3
Bxc3 15. bxc3 Nxe2 16. Kxe2 Nxe5 17. Rab1 Qc8 18. Bf4 Ng6 19. g3 e5 20. Be3 a5
21. Rhd1 Qa6+ 22. Ke1 Qc8 23. Rxd5 Qf5 24. Qd1 Ne7 25. Rd7 Ng6 26. Rxc7 Rfd8 27.
Qa4 Qxb1+ 28. Ke2 Qa2+ 29. Kf3 e4+ 30. Kxe4 Qe6+ 31. Kf3 Qf5+ 32. Kg2 Qd5+ 33.
Kg1 Qf3 34. Rd7 Rab8 0-1